Bến không chồng : Tiểu thuyết

Đã lưu trong:
Bibliografiske detaljer
Hovedforfatter: Dương, Hướng
Format: Bog
Sprog:Undetermined
Udgivet: Thành phố Hồ Chí Minh Trẻ 2015
Fag:
Tags: Tilføj Tag
Ingen Tags, Vær først til at tagge denne postø!
Thư viện lưu trữ: Trung tâm Học liệu Trường Đại học Cần Thơ
LEADER 00644nam a2200217Ia 4500
001 CTU_206977
008 210402s9999 xx 000 0 und d
020 |c 85000 
082 |a 895.922334 
082 |b H561 
100 |a Dương, Hướng 
245 0 |a Bến không chồng : 
245 0 |b Tiểu thuyết 
245 0 |c Dương Hướng 
260 |a Thành phố Hồ Chí Minh 
260 |b Trẻ 
260 |c 2015 
650 |a Tiểu thuyết Việt Nam,Vietnamese fiction 
650 |y Thế kỷ 20,20th century 
904 |i Tuyến 
980 |a Trung tâm Học liệu Trường Đại học Cần Thơ